Statistics for Country to Capital #5

Click here to take the quiz!

General Stats

  • This quiz has been taken 26 times
    (8 since last reset)
  • The average score is 11 of 15

Answer Stats

CountryCapital% Correct
NetherlandsAmsterdam
100%
Guinea-BissauBissau
100%
PortugalLisbon
100%
South KoreaSeoul
100%
JapanTokyo
100%
SerbiaBelgrade
88%
AngolaLuanda
75%
EritreaAsmara
63%
Sri LankaColombo; Sri Jayawardenepura Kotte
63%
TongaNuku'alofa
63%
BeninPorto-Novo
63%
St. LuciaCastries
50%
Trinidad and TobagoPort of Spain
50%
HondurasTegucigalpa
50%
BhutanThimphu
38%

Score Distribution

Percentile by Number Answered

Percent of People with Each Score

Your Score History

You have not taken this quiz since the last reset